LEADER 00429nab a2200145 i 4500 001 000000285631 003 CaOOAMICUS 005 20190418114135.0 008 150326n xx uu u0 0und r 013 $a39140 040 $aSeMil$bita 245 10$aWinter. 773 0 $t[2015].$dCharlottesville (Virginia) : Philosophy Documentation Center, copyr. 2015.$w()240318 996 $6245$aWinter$9(OLS)http://semarc/title/421131 LEADER 00609nam a2200169 i 4500 001 000000010063 003 CaOOAMICUS 005 20260313100129.0 008 180830s1970 it u000 u ita u 040 $aSeMil$bita 245 10$aSeconde livraison :$ben deux parties. 300 $a2 v. 773 0 $tRecueil de planches, sur les sciences, les arts liberaux, et les arts méchaniques, avec leur explication.$w()10062 774 0 $tPremière partie.$w()118530 774 0 $tSeconde partie.$w()118534 996 $6245$aSeconde livraison :$ben deux parties$9(OLS)http://semarc/title/13305